Final judgment ; the story of Nuremberg /

Bibliographic Details
Main Author: Bernstein, Victor H. (Victor Heine), 1904-1992
Format: Book
Language:English
Published: New York : Boni & Gaer, [1947]
Subjects:

MARC

Tag First Indicator Second Indicator Subfields
LEADER 00000cam a2200000 4500
001 in00000594821
005 20151014163835.0
008 730123s1947 nyu 00110 eng
010 |a  47001717  
035 |a (OCoLC)00544490 
035 |9 ACS3246AM 
040 |c KSU  |d TXA  |d UtOrBLW 
049 |a TXAM  |c [140755] 
050 0 0 |a D804.G42  |b B4 
090 |a D804.G42  |b B47 
100 1 |a Bernstein, Victor H.  |q (Victor Heine),  |d 1904-1992. 
245 1 0 |a Final judgment ;  |b the story of Nuremberg /  |c by Victor H. Bernstein, with an introduction by Max Lerner. 
264 1 |a New York :  |b Boni & Gaer,  |c [1947] 
264 4 |c [©1947] 
300 |a xii, 289 pages ;  |c 23 cm. 
336 |a text  |b txt  |2 rdacontent 
337 |a unmediated  |b n  |2 rdamedia 
338 |a volume  |b nc  |2 rdacarrier 
650 0 |a Nuremberg Trial of Major German War Criminals, Nuremberg, Germany, 1945-1946. 
999 |a MARS 
999 f f |s 161bc212-a060-3bbd-9b97-b89e870307ad  |i df2e1b65-a282-39af-8185-22972a8ee447  |t 0 
952 f f |p normal  |a Texas A&M University  |b College Station  |c Sterling C. Evans Library  |d Evans: Library Stacks  |t 0  |e D804.G42 B47  |h Library of Congress classification  |i unmediated -- volume  |m A14801897504 
998 f f |a D804.G42 B47  |t 0  |l Evans: Library Stacks